书目信息 |
| 题名: |
布尔代数
|
|
| 作者: | 刘文 编 | |
| 分册: | ||
| 出版信息: | 北京 人民教育出版社 1981 |
|
| 页数: | 79页 | |
| 开本: | 21cm | |
| 丛书名: | ||
| 单 册: | ||
| 中图分类: | O153.2 | |
| 科图分类: | ||
| 主题词: | 布尔代数 | |
| 电子资源: | ||
| ISBN: | ||
| 000 | 00614nam0 2200241 45 | |
| 001 | 0181005336 | |
| 005 | 20060721152303.51 | |
| 010 | @dCNY0.28 | |
| 091 | @a13012.0596 | |
| 100 | @a19950525d1981 em y0chiy0121 ea | |
| 101 | 0 | @achi |
| 102 | @aCN@b110000 | |
| 105 | @ay z 000yy | |
| 200 | 10 | @a布尔代数@Abu er dai shu@f刘文编@Fliu wen bian |
| 210 | @a北京@c人民教育出版社@d1981 | |
| 215 | @a79页@d21cm | |
| 300 | @a高等学校教学参考书 | |
| 606 | @a布尔代数 | |
| 690 | @aO153.2@v3 | |
| 701 | 0 | @a刘文@Aliu wen@4编 |
| 801 | 0 | @aCN@b上海图书馆@c20060721 |
| 801 | 2 | @aCN@bNLC@c20060509 |
| 905 | @dO153.2@e14 | |
| 布尔代数/刘文编.-北京:人民教育出版社,1981 |
| 79页;21cm |
| 高等学校教学参考书 |
| ISBN :CNY0.28 |
| ● |
| 相关链接 |
|
|
|
|
正题名:布尔代数
索取号:O153.2/14
 
预约/预借
| 序号 | 登录号 | 条形码 | 馆藏地/架位号 | 状态 | 备注 |
| 1 | 0054472 | 202318802 | 密集书库/ [索取号:O153.2/14] | 在馆 | |
| 2 | 0054473 | 202265217 | 密集书库/ [索取号:O153.2/14] | 在馆 | |
| 3 | 0054474 | 202265244 | 密集书库/ [索取号:O153.2/14] | 在馆 | |
| 4 | 0054475 | 000414563 | 第三借阅区/ [索取号:O153.2/14] | 在馆 | |
| 5 | 0054476 | 202265253 | 密集书库/ [索取号:O153.2/14] | 在馆 | |
| 6 | 0054477 | 202330968 | 密集书库/ [索取号:O153.2/14] | 在馆 | |
| 7 | 0054478 | 202330931 | 密集书库/ [索取号:O153.2/14] | 在馆 | |
| 8 | 0054479 | 202330977 | 密集书库/ [索取号:O153.2/14] | 在馆 | |
| 9 | 0054480 | 202265360 | 密集书库/ [索取号:O153.2/14] | 在馆 | |
| 10 | 0054481 | 202265173 | 密集书库/ [索取号:O153.2/14] | 在馆 | |
| 11 | 0054482 | 202265208 | 密集书库/ [索取号:O153.2/14] | 在馆 | |
| 12 | 0104190 | 000414572 | 第三借阅区/ [索取号:O153.2/14] | 在馆 | |
| 13 | 0104191 | 001935874 | 第二样本阅览室/ [索取号:O153.2/14] | 在馆 | |
| 14 | 0430512 | 204305126 | 密集书库/ [索取号:O153.2/14] | 在馆 | |
| 15 | 0430513 | 204305135 | 密集书库/ [索取号:O153.2/14] | 在馆 | |
| 16 | 0430514 | 204305144 | 密集书库/ [索取号:O153.2/14] | 在馆 |